[Event "76th GEO-ch Women 2019"]
[Site "Tbilisi"]
[Date "2019.03.29"]
[Round "10.5"]
[White "Purtseladze, Maka"]
[Black "Tsatsalashvili, Keti"]
[Result "1/2-1/2"]
[WhiteElo "2282"]
[BlackElo "2326"]
[Annotator "NA"]
[PlyCount "213"]
[EventDate "2019.03.19"]
[EventType "swiss"]
[EventCountry "GEO"]
[SourceTitle "playchess.com"]
[Source "ChessBase"]
[SourceQuality "1"]
[TimeControl "40/5400+30:1800+30"]

1. d4 {[%emt 0:00:00]} Nf6 {[%emt 0:00:00]} 2. c4 {[%emt 0:00:00]} e6 {[%emt 0:00:18]} 3. Nc3 {[%emt 0:00:00]} Bb4 {[%emt 0:00:30]} 4. f3 {[%emt 0:00:00]} c5 {[%emt 0:02:10]} 5. a3 {[%emt 0:02:55]} Bxc3+ {[%emt 0:00:57]} 6. bxc3 {[%emt 0:00:04]} d6 {[%emt 0:00:34]} 7. e4 {[%emt 0:03:16]} Nc6 {[%emt 0:01:53]} 8. Be3 {[%emt 0:02:00]} b6 {[%emt 0:01:12]} 9. Bd3 {[%emt 0:14:47]} Na5 {[%emt 0:04:25] LiveBook: 12 Games E24: Nimzo-Indian: Sämisch: Unusual Black 5th moves and 5...c5 sidelines} (9... e5 10. Ne2 h6 11. O-O g5 12. Ng3 Na5 13. Qe2 Qe7 14. Rfe1 Be6 15. Rab1 Rg8 16. Rb5 Qc7 17. Reb1 {½-½ (36) Moskalenko,V (2591)-Aroshidze,L (2539) Barcelona 2011}) 10. Bg5 {[%emt 0:11:39]} h6 {[%emt 0:02:45]} 11. Bh4 {[%emt 0:01:44]} g5 $146 {[%emt 0:03:17]} ({Predecessor:} 11... Ba6 12. f4 Qd7 13. e5 dxe5 14. fxe5 Nh7 15. Qe2 cxd4 16. Nf3 Rc8 17. O-O Bxc4 18. cxd4 Bxd3 19. Qxd3 {0-1 (37) Jaeger,F (2046)-Nilson,B (2117) ICCF email 2009}) 12. Bf2 {[%emt 0:02:17]} Ba6 {[%emt 0:01:51]} 13. h4 {[%emt 0:01:19]} Rg8 {[%emt 0:01:57]} 14. hxg5 {[%emt 0:00:04]} hxg5 {[%emt 0:00:15]} 15. Qe2 {[%emt 0:08:47]} e5 {[%emt 0:04:44]} 16. d5 {[%emt 0:06:11]} Qe7 {[%emt 0:01:22]} 17. g4 {[%emt 0:00:35]} O-O-O {[%emt 0:01:38]} 18. Be3 {[%emt 0:02:27]} Nd7 {[%emt 0:01:59]} 19. Rh5 {[%emt 0:01:39]} f6 {[%emt 0:02:57]} 20. Qa2 {[%emt 0:00:43]} Nf8 {[%emt 0:03:03]} 21. Ne2 {[%emt 0:00:05]} Ng6 {[%emt 0:01:39]} 22. Ng3 {[%emt 0:17:41]} Nh4 {[%emt 0:01:55]} 23. Kf2 {[%emt 0:05:31]} Qd7 {[%emt 0:06:06]} 24. a4 {[%emt 0:00:05]} Rdf8 {[%emt 0:08:29]} 25. Rh1 {[%emt 0:00:32]} Qe8 {[%emt 0:01:03]} 26. Rh7 {[%emt 0:02:31]} Kb8 {[%emt 0:03:43]} 27. Nf5 {[%emt 0:03:28]} Nxf5 {[%emt 0:03:06]} 28. gxf5 {[%emt 0:00:02]} Bc8 $15 {[%emt 0:03:55]} 29. Kg3 {[%emt 0:00:57]} Bd7 {[%emt 0:03:56]} 30. Bc2 {[%emt 0:02:33]} Rh8 {[%emt 0:07:42]} 31. Bd1 {[%emt 0:00:06]} Kc8 {[%emt 0:02:58]} 32. Bc1 {[%emt 0:01:06]} Nb7 {[%emt 0:01:17]} 33. R1h6 {[%emt 0:00:59]} Rxh7 {[%emt 0:00:48]} 34. Rxh7 {[%emt 0:00:05]} Rh8 {[%emt 0:02:03]} 35. Qh2 {[%emt 0:00:09]} Rxh7 {[%emt 0:00:34]} 36. Qxh7 {[%emt 0:00:04]} Qf8 {[%emt 0:00:52]} 37. Kg4 {[%emt 0:02:43]} Nd8 {[%emt 0:02:43]} 38. Kg3 {[%emt 0:01:42]} Qf7 {[%emt 0:03:39]} 39. Qh8 {[%emt 0:04:56]} Be8 {[%emt 0:00:32]} 40. Kf2 {[%emt 0:00:00]} Kc7 {[%emt 0:00:00]} 41. Kg1 {[%emt 0:17:12]} Nb7 {[%emt 0:02:02]} 42. Qh2 {[%emt 0:01:09]} Qh5 {[%emt 0:01:14]} 43. Qe2 {[%emt 0:01:30]} Qh3 {[%emt 0:03:04]} 44. Be3 {[%emt 0:00:32]} Qg3+ {[%emt 0:02:48]} 45. Kf1 {[%emt 0:01:39]} Bh5 {[%emt 0:01:39]} 46. Bg1 {[%emt 0:01:21]} Qh3+ {[%emt 0:01:18]} 47. Ke1 {[%emt 0:00:20]} Na5 {[%emt 0:00:58]} 48. Be3 {[%emt 0:00:57]} Qh1+ {[%emt 0:03:10]} 49. Kd2 {[%emt 0:07:22]} Be8 {[%emt 0:01:40]} 50. Bf2 {[%emt 0:03:34]} Qg2 {[%emt 0:01:16]} 51. Ke3 {[%emt 0:00:52]} Bd7 {[%emt 0:01:58]} 52. Qa2 {[%emt 0:01:13]} Qf1 {[%emt 0:03:03]} 53. Be2 {[%emt 0:00:05]} Qc1+ {[%emt 0:00:48]} 54. Kd3 {[%emt 0:00:05]} Bc8 {[%emt 0:00:36]} 55. Be3 {[%emt 0:00:11]} Qh1 {[%emt 0:00:19]} 56. Kd2 {[%emt 0:00:48]} Ba6 {[%emt 0:00:27]} 57. Bf2 {[%emt 0:01:26]} Qh2 {[%emt 0:00:33]} 58. Ke1 {[%emt 0:00:13]} Qf4 {[%emt 0:00:58]} 59. Qd2 {[%emt 0:00:45]} Qxd2+ {[%emt 0:00:56]} 60. Kxd2 {[%emt 0:00:04]} Bxc4 {[%emt 0:00:28]} 61. Bd1 {[%emt 0:01:50]} Kd7 {[%emt 0:02:41]} 62. Be1 {[%emt 0:00:32]} Ke7 {[%emt 0:00:48]} 63. Ke3 {[%emt 0:00:21]} Kf7 {[%emt 0:00:22]} 64. Kf2 {[%emt 0:01:11]} Kg7 {[%emt 0:00:26]} 65. Kg3 {[%emt 0:00:36]} Bb3 {[%emt 0:00:11]} 66. Bxb3 {[%emt 0:00:07]} Nxb3 {[%emt 0:00:07]} 67. c4 {[%emt 0:00:15]} a5 {[%emt 0:03:50]} 68. Bc3 {[%emt 0:00:20]} Nd4 {[%emt 0:01:28]} 69. Bb2 {[%emt 0:01:19]} Kh6 {[%emt 0:00:21]} 70. Kg4 {[%emt 0:00:31]} Ne2 {[%emt 0:00:41]} 71. Ba1 {[%emt 0:00:32]} Nc1 {[%emt 0:01:05]} 72. Bb2 {[%emt 0:00:34]} Nd3 {[%emt 0:00:06]} 73. Ba3 {[%emt 0:00:47]} Nf2+ {[%emt 0:01:00]} 74. Kg3 {[%emt 0:00:04]} Nd1 {[%emt 0:00:29]} 75. Bc1 {[%emt 0:00:15]} Kg7 {[%emt 0:03:35]} 76. Kg4 {[%emt 0:00:48]} Kf7 {[%emt 0:02:15]} 77. Kg3 {[%emt 0:00:42]} Ke7 {[%emt 0:02:25]} 78. Kg4 {[%emt 0:00:04]} Ke8 {[%emt 0:06:20]} 79. Kh5 {[%emt 0:00:17]} Kf7 {[%emt 0:00:03]} 80. Kg4 {[%emt 0:01:01]} Ke7 {[%emt 0:00:27]} 81. Kh5 {[%emt 0:00:09]} Kf7 {[%emt 0:01:48]} 82. Kg4 {[%emt 0:00:03]} Nc3 {[%emt 0:01:05]} 83. Bb2 {[%emt 0:00:04]} Nxa4 {[%emt 0:00:23]} 84. Ba1 {[%emt 0:00:02]} b5 {[%emt 0:00:26]} 85. cxb5 {[%emt 0:00:04]} Nb6 {[%emt 0:00:42]} 86. Bb2 {[%emt 0:01:46]} Nc4 {[%emt 0:00:32]} 87. Kh5 {[%emt 0:00:47]} Ke7 {[%emt 0:00:51]} 88. Bc1 {[%emt 0:01:08]} a4 {[%emt 0:00:16]} 89. Kg6 {[%emt 0:00:16]} a3 {[%emt 0:02:23]} 90. Bxa3 {[%emt 0:00:34]} Nxa3 {[%emt 0:00:37]} 91. b6 {[%emt 0:00:03]} Kd7 {[%emt 0:01:56]} 92. Kxf6 {[%emt 0:00:05]} c4 {[%emt 0:00:32]} 93. b7 {[%emt 0:01:33]} Kc7 {[%emt 0:00:08]} 94. Ke6 {[%emt 0:00:34]} c3 {[%emt 0:00:44]} 95. f6 {[%emt 0:00:04]} c2 {[%emt 0:00:03]} 96. f7 {[%emt 0:00:04]} c1=Q {[%emt 0:00:07]} 97. f8=Q {[%emt 0:00:37]} Kxb7 {[%emt 0:00:47]} 98. Qxd6 {[%emt 0:00:17]} Qc8+ {[%emt 0:01:26]} 99. Kf6 {[%emt 0:00:11]} Nc4 {[%emt 0:00:41]} 100. Qb4+ {[%emt 0:00:11]} Nb6 {[%emt 0:00:48]} 101. Qe7+ {[%emt 0:02:16]} Ka6 {[%emt 0:00:36]} 102. Qa3+ {[%emt 0:00:22]} Kb7 {[%emt 0:00:05]} 103. Qe7+ {[%emt 0:00:22]} Ka6 {[%emt 0:00:01]} 104. Kxe5 {[%emt 0:00:46]} Qc3+ {[%emt 0:00:20]} 105. Kf5 {[%emt 0:00:14]} Qxf3+ {[%emt 0:00:08]} 106. Kxg5 {[%emt 0:00:06]} Nxd5 {[%emt 0:00:42]} 107. exd5 1/2-1/2

[Event "76th GEO-ch Women 2019"]
[Site "Tbilisi"]
[Date "2019.03.29"]
[Round "10.6"]
[White "Khomeriki, Nino"]
[Black "Khurtsilava, Inga"]
[Result "0-1"]
[WhiteElo "2347"]
[BlackElo "2234"]
[Annotator "NA"]
[PlyCount "124"]
[EventDate "2019.03.19"]
[EventType "swiss"]
[EventCountry "GEO"]
[SourceTitle "playchess.com"]
[Source "ChessBase"]
[SourceQuality "1"]
[TimeControl "40/5400+30:1800+30"]

1. d4 {[%emt 0:00:00]} Nf6 {[%emt 0:07:51]} 2. c4 {[%emt 0:00:00]} e6 {[%emt 0:00:03]} 3. Nf3 {[%emt 0:00:00]} b6 {[%emt 0:00:09]} 4. g3 {[%emt 0:00:00]} Bb7 {[%emt 0:02:34]} 5. Bg2 {[%emt 0:00:02] LiveBook: 9220 Games} Be7 {[%emt 0:02:13]} 6. O-O {[%emt 0:00:17]} O-O {[%emt 0:00:08]} 7. Nc3 {[%emt 0:00:05]} d5 {[%emt 0:00:52]} 8. cxd5 {[%emt 0:04:26]} exd5 {[%emt 0:01:56]} 9. b3 {[%emt 0:00:43]} Nbd7 {[%emt 0:01:41]} 10. Bb2 {[%emt 0:01:25]} Ne4 {[%emt 0:01:42]} 11. Qc2 {[%emt 0:07:33] E17: Queen's Indian: 4 g3 Bb7 5 Bg2 Be7} f5 {[%emt 0:02:18]} 12. e3 $146 {[%emt 0:02:12]} ({Predecessor:} 12. Rad1 c6 {½-½ (77) Eingorn,V (2560)-Psakhis,L (2555) Moscow 1986}) 12... c6 {[%emt 0:02:46]} 13. Rad1 {[%emt 0:01:50]} Qe8 {[%emt 0:02:04]} 14. Ne2 {[%emt 0:06:02]} Bd6 {[%emt 0:01:13]} 15. Ne1 {[%emt 0:11:03]} Qh5 {[%emt 0:03:45]} 16. Nd3 {[%emt 0:07:31]} Rae8 {[%emt 0:09:15]} 17. f3 {[%emt 0:08:20]} Ng5 {[%emt 0:07:39]} 18. Nef4 {[%emt 0:02:44]} Qh6 {[%emt 0:00:54]} 19. Bc1 {[%emt 0:00:07]} Ne6 {[%emt 0:03:41]} 20. Nxe6 Qxe6 {[%emt 0:00:28]} 21. Rfe1 {[%emt 0:18:45]} c5 {[%emt 0:03:47]} 22. Qd2 {[%emt 0:01:29]} Qf7 {[%emt 0:01:30]} 23. dxc5 {[%emt 0:05:03]} bxc5 {[%emt 0:00:43]} 24. Bb2 {[%emt 0:00:05]} Re7 {[%emt 0:03:23]} 25. Qa5 {[%emt 0:06:08]} Rfe8 {[%emt 0:15:46]} 26. Qxa7 {[%emt 0:01:55]} Bc6 {[%emt 0:01:17]} 27. Qa6 {[%emt 0:02:30]} Nb8 {[%emt 0:00:39]} 28. Qa5 $14 {[%emt 0:00:05]} Ra7 {[%emt 0:02:25]} 29. Qd2 {[%emt 0:00:05]} Rxa2 {[%emt 0:00:27]} 30. Nc1 {[%emt 0:00:10]} Ra6 {[%emt 0:06:53]} 31. f4 {[%emt 0:00:18]} c4 {[%emt 0:01:03]} 32. b4 {[%emt 0:04:08]} Rb6 {[%emt 0:03:50]} 33. Bc3 {[%emt 0:00:08]} Na6 {[%emt 0:00:27]} 34. Na2 {[%emt 0:00:21]} Nc7 {[%emt 0:01:00]} 35. Rb1 {[%emt 0:04:33]} Reb8 {[%emt 0:01:08]} 36. Red1 {[%emt 0:00:33]} Qe7 {[%emt 0:01:40]} 37. h4 {[%emt 0:03:34]} R6b7 {[%emt 0:01:26]} 38. h5 {[%emt 0:00:39]} h6 {[%emt 0:00:04]} 39. Bf3 {[%emt 0:00:29]} Kh8 {[%emt 0:00:25]} 40. Kf2 {[%emt 0:00:00]} Ra8 {[%emt 0:00:00]} 41. Rb2 {[%emt 0:13:03]} Ra3 {[%emt 0:06:29]} 42. Qc1 {[%emt 0:09:06]} Rb3 {[%emt 0:12:49]} 43. Qb1 {[%emt 0:01:54]} Rxb2+ {[%emt 0:02:56]} 44. Qxb2 {[%emt 0:00:44]} Rb8 {[%emt 0:00:23]} 45. Qc2 {[%emt 0:03:11]} Qe6 {[%emt 0:01:10]} 46. g4 {[%emt 0:04:57]} fxg4 {[%emt 0:09:56]} 47. f5 {[%emt 0:03:09]} Ba4 {[%emt 0:01:49]} 48. fxe6 {[%emt 0:01:51]} Bxc2 {[%emt 0:00:06]} 49. Rg1 {[%emt 0:00:41]} g3+ {[%emt 0:00:51]} 50. Kg2 {[%emt 0:00:17]} Bf5 {[%emt 0:00:43]} 51. Rd1 {[%emt 0:00:48]} Ra8 {[%emt 0:02:58]} 52. Nc1 {[%emt 0:00:21]} Ra3 {[%emt 0:01:45]} 53. Bb2 {[%emt 0:00:38]} Rxe3 54. b5 c3 {[%emt 0:01:23]} 55. Ba1 {[%emt 0:00:20]} Nxe6 {[%emt 0:00:21]} 56. Ne2 {[%emt 0:00:44]} c2 {[%emt 0:00:47]} 57. Rf1 {[%emt 0:00:34]} Be4 {[%emt 0:00:29]} 58. Nc1 {[%emt 0:00:49]} Rxf3 {[%emt 0:00:30]} 59. Rxf3 {[%emt 0:00:05]} Ng5 {[%emt 0:00:04]} 60. b6 {[%emt 0:00:18]} Bxf3+ {[%emt 0:00:16]} 61. Kf1 {[%emt 0:00:05]} g2+ {[%emt 0:00:18]} 62. Kf2 {[%emt 0:00:04]} Bc5+ {[%emt 0:00:07]} 0-1

[Event "76th GEO-ch Women 2019"]
[Site "Tbilisi"]
[Date "2019.03.30"]
[Round "11.1"]
[White "Khurtsilava, Inga"]
[Black "Melia, Salome"]
[Result "0-1"]
[WhiteElo "2234"]
[BlackElo "2385"]
[Annotator "NA"]
[PlyCount "69"]
[EventDate "2019.03.19"]
[EventType "swiss"]
[EventCountry "GEO"]
[SourceTitle "playchess.com"]
[Source "ChessBase"]
[SourceQuality "1"]
[TimeControl "40/5400+30:1800+30"]

1. b3 {[%emt 0:00:00]} e5 {[%emt 0:00:00]} 2. Bb2 {[%emt 0:00:00]} Nc6 {[%emt 0:00:01]} 3. e3 {[%emt 0:00:04]} Nf6 {[%emt 0:00:44]} 4. Nf3 {[%emt 0:01:29]} e4 {[%emt 0:01:51]} 5. Nd4 {[%emt 0:00:51]} Nxd4 {[%emt 0:00:35]} 6. Bxd4 {[%emt 0:00:43]} Be7 {[%emt 0:00:16]} 7. c4 {[%emt 0:01:08]} b6 {[%emt 0:03:16]} 8. Nc3 {[%emt 0:07:02]} Bb7 {[%emt 0:01:24]} 9. Qc2 {[%emt 0:03:48]} O-O {[%emt 0:01:35]} 10. Rd1 {[%emt 0:08:49]} Re8 {[%emt 0:05:48]} 11. g3 {[%emt 0:08:12]} c5 {[%emt 0:09:18]} 12. Bxf6 {[%emt 0:00:52]} Bxf6 {[%emt 0:00:08]} 13. Bg2 {[%emt 0:02:55]} Bxc3 {[%emt 0:15:47]} 14. dxc3 {[%emt 0:31:35]} d6 {[%emt 0:05:37]} 15. O-O $11 {[%emt 0:03:26]} Re6 {[%emt 0:01:57]} 16. a4 {[%emt 0:03:08]} a5 {[%emt 0:04:39]} 17. Qe2 {[%emt 0:05:34]} Qf6 {[%emt 0:02:09]} 18. Rc1 {[%emt 0:00:21]} Qe5 {[%emt 0:02:16]} 19. Rfd1 {[%emt 0:00:06]} Rae8 {[%emt 0:01:44]} 20. Rd2 {[%emt 0:01:22]} h5 {[%emt 0:03:40]} 21. h4 {[%emt 0:03:13]} Rh6 {[%emt 0:00:28]} 22. Rcd1 {[%emt 0:06:52]} Ree6 {[%emt 0:05:50]} 23. Rc2 {[%emt 0:02:19]} g5 {[%emt 0:02:01]} 24. hxg5 {[%emt 0:04:47]} Qxg5 {[%emt 0:00:11]} 25. Kf1 {[%emt 0:02:07]} h4 {[%emt 0:02:09]} 26. Ke1 {[%emt 0:01:09]} hxg3 {[%emt 0:05:25]} 27. fxg3 {[%emt 0:00:35]} Rh2 {[%emt 0:00:23]} 28. g4 {[%emt 0:01:02]} Rg6 {[%emt 0:02:06]} 29. Qf2 {[%emt 0:00:26]} Qxg4 {[%emt 0:00:41]} 30. Rdd2 {[%emt 0:00:22]} Bc8 {[%emt 0:05:16]} 31. Re2 {[%emt 0:00:29]} Qg5 {[%emt 0:01:17]} 32. Qf4 {[%emt 0:00:28]} Qxf4 {[%emt 0:04:38]} 33. exf4 {[%emt 0:00:07]} Bf5 {[%emt 0:00:40]} 34. Bxe4 {[%emt 0:01:04]} Rg4 35. Bg2 0-1

[Event "76th GEO-ch Women 2019"]
[Site "Tbilisi"]
[Date "2019.03.30"]
[Round "11.2"]
[White "Tsatsalashvili, Keti"]
[Black "Khomeriki, Nino"]
[Result "1-0"]
[WhiteElo "2326"]
[BlackElo "2347"]
[Annotator "NA"]
[PlyCount "96"]
[EventDate "2019.03.19"]
[EventType "swiss"]
[EventCountry "GEO"]
[SourceTitle "playchess.com"]
[Source "ChessBase"]
[SourceQuality "1"]
[TimeControl "40/5400+30:1800+30"]

1. d4 {[%emt 0:00:00]} d5 {[%emt 0:05:18]} 2. Nf3 {[%emt 0:00:38]} Nf6 {[%emt 0:00:09]} 3. c4 {[%emt 0:00:25]} e6 {[%emt 0:00:28]} 4. Nc3 {[%emt 0:00:11]} Bb4 {[%emt 0:01:56]} 5. Qa4+ {[%emt 0:00:12]} Nc6 {[%emt 0:00:09]} 6. Bg5 {[%emt 0:00:05]} h6 {[%emt 0:00:36]} 7. Bxf6 {[%emt 0:00:18]} Qxf6 {[%emt 0:00:05]} 8. e3 {[%emt 0:00:09]} O-O {[%emt 0:00:14] D38: Queen's Gambit Declined: Ragozin Defence (4 Nf3 Bb4)} 9. Rc1 {[%emt 0:00:33]} (9. Be2 dxc4 10. Bxc4 e5 11. O-O exd4 12. Nd5 Qd6 13. Nxb4 Qxb4 14. Qxb4 Nxb4 15. Nxd4 Bd7 16. a3 {1-0 (49) Duda,J (2738)-Vidit,S (2695) chess.com INT 2019}) 9... Bd7 {[%emt 0:05:31]} 10. Qc2 {[%emt 0:02:41]} Rac8 $146 {[%emt 0:05:34]} ({Predecessor:} 10... Rfe8 11. a3 Bxc3+ 12. Qxc3 Rac8 {½-½ (12) Barria Zuniga,D (2395)-Aguirre Contreras,C (2272) Santiago de Chile 2018}) 11. a3 {[%emt 0:06:08]} Bxc3+ {[%emt 0:01:58]} 12. Qxc3 {[%emt 0:00:09]} Rfd8 {[%emt 0:04:22]} 13. Be2 {[%emt 0:02:13]} dxc4 {[%emt 0:01:48]} 14. Bxc4 {[%emt 0:02:39]} Ne7 {[%emt 0:01:04]} 15. b4 {[%emt 0:06:44]} Bc6 {[%emt 0:05:06]} 16. Be2 {[%emt 0:00:37]} Ng6 {[%emt 0:00:41]} 17. O-O {[%emt 0:03:06]} Bd5 {[%emt 0:04:36]} 18. Qc2 {[%emt 0:14:05]} e5 {[%emt 0:04:01]} 19. e4 {[%emt 0:03:31]} Be6 {[%emt 0:00:08]} 20. dxe5 {[%emt 0:04:44]} Nxe5 {[%emt 0:00:07]} 21. Nxe5 {[%emt 0:00:36]} Qxe5 {[%emt 0:00:07]} 22. f4 {[%emt 0:01:10]} Qd4+ {[%emt 0:00:35]} 23. Kh1 {[%emt 0:00:05]} f6 {[%emt 0:05:30]} 24. h3 {[%emt 0:15:02]} c6 {[%emt 0:02:21]} 25. Rcd1 {[%emt 0:03:23]} Qe3 {[%emt 0:03:23]} 26. Rf3 {[%emt 0:05:13]} Rxd1+ {[%emt 0:04:08]} 27. Bxd1 {[%emt 0:00:07]} Qe1+ {[%emt 0:00:05]} 28. Kh2 {[%emt 0:00:03]} a5 {[%emt 0:04:36]} 29. bxa5 {[%emt 0:01:09]} Qxa5 {[%emt 0:03:26]} 30. Qb2 {[%emt 0:00:51]} Qc7 {[%emt 0:02:15]} 31. Bb3 {[%emt 0:01:06]} Bxb3 {[%emt 0:00:46]} 32. Qxb3+ {[%emt 0:00:01]} Qf7 {[%emt 0:01:24]} 33. Qb2 {[%emt 0:01:28]} c5 {[%emt 0:17:54]} 34. e5 {[%emt 0:03:52]} f5 {[%emt 0:05:05]} 35. Qc3 {[%emt 0:05:54]} c4 {[%emt 0:00:47]} 36. Rf2 {[%emt 0:01:50]} b5 {[%emt 0:01:47]} 37. Rd2 {[%emt 0:01:09]} Rc6 {[%emt 0:03:48]} 38. Qa5 {[%emt 0:02:04]} Qc7 {[%emt 0:06:09]} 39. Qxb5 {[%emt 0:01:56]} c3 {[%emt 0:00:05]} 40. Qd5+ {[%emt 0:00:00]} Kh7 {[%emt 0:00:00]} 41. Rc2 {[%emt 0:02:17]} g5 {[%emt 0:07:39]} 42. Qd3 {[%emt 0:08:22]} gxf4 {[%emt 0:02:07]} 43. Qxf5+ {[%emt 0:00:14]} Rg6 {[%emt 0:00:01]} 44. Qxf4 {[%emt 0:01:14]} Rg5 {[%emt 0:00:07]} 45. Qe4+ {[%emt 0:02:34]} Kg7 {[%emt 0:00:05]} 46. Re2 {[%emt 0:01:36]} Qc5 {[%emt 0:00:59]} 47. a4 {[%emt 0:00:34]} Qc7 $18 {[%emt 0:01:06]} 48. g3 {[%emt 0:02:23]} h5 {[%emt 0:05:58]} 1-0

[Event "76th GEO-ch Women 2019"]
[Site "Tbilisi"]
[Date "2019.03.30"]
[Round "11.3"]
[White "Esadze, Tamari"]
[Black "Purtseladze, Maka"]
[Result "0-1"]
[WhiteElo "2078"]
[BlackElo "2282"]
[Annotator "NA"]
[PlyCount "64"]
[EventDate "2019.03.19"]
[EventType "swiss"]
[EventCountry "GEO"]
[SourceTitle "playchess.com"]
[Source "ChessBase"]
[SourceQuality "1"]
[TimeControl "40/5400+30:1800+30"]

1. e4 {[%emt 0:00:00]} e6 {[%emt 0:00:00]} 2. d4 {[%emt 0:00:00]} d5 {[%emt 0:00:00]} 3. Nd2 {[%emt 0:00:00]} Nc6 {[%emt 0:00:00]} 4. Ngf3 {[%emt 0:00:08]} Nf6 {[%emt 0:00:00]} 5. e5 {[%emt 0:01:19]} Nd7 {[%emt 0:00:00]} 6. c3 {[%emt 0:03:23]} f6 {[%emt 0:00:14]} 7. exf6 {[%emt 0:00:52]} Qxf6 {[%emt 0:00:07]} 8. Bd3 {[%emt 0:04:20]} Bd6 {[%emt 0:02:24]} 9. O-O {[%emt 0:15:14] C04: French Tarrasch: 3...Nc6} (9. Qc2 h6 10. Bg6+ Kf8 11. Nb3 e5 12. Qf5 Qxf5 13. Bxf5 Nb6 14. Bxc8 Rxc8 15. dxe5 Nxe5 16. Nxe5 Bxe5 {½-½ (27) Kovacevic,A (2563)-Stella,A (2477) Cappelle-la-Grande 2013}) 9... O-O {[%emt 0:00:42]} 10. Nb3 {[%emt 0:07:04]} e5 {[%emt 0:01:12]} 11. Bg5 {[%emt 0:08:34]} Qf7 {[%emt 0:00:42]} 12. dxe5 {[%emt 0:01:34]} Ndxe5 {[%emt 0:22:27]} 13. Nbd4 $146 {[%emt 0:09:34]} ({Predecessor:} 13. Be2 Be6 14. Nbd4 Nxf3+ 15. Nxf3 Qh5 16. h4 Qg6 {0-1 (32) Post,H (1879)-Manukyan,S (1626) Batumi 2016}) 13... Nxd3 {[%emt 0:05:24]} 14. Qxd3 {[%emt 0:00:05]} Qh5 {[%emt 0:00:51]} 15. Bh4 {[%emt 0:29:18]} Nxd4 {[%emt 0:00:46]} 16. cxd4 {[%emt 0:03:06]} Bg4 {[%emt 0:17:15]} 17. Bg3 {[%emt 0:01:47]} Bxf3 {[%emt 0:00:29]} 18. gxf3 {[%emt 0:00:17]} Rxf3 {[%emt 0:00:04]} 19. Qb5 {[%emt 0:00:49]} Raf8 {[%emt 0:02:13]} 20. Qxb7 $19 {[%emt 0:02:15]} Qf5 {[%emt 0:01:41]} 21. Qb5 {[%emt 0:06:02]} h5 {[%emt 0:02:38]} 22. Rae1 {[%emt 0:01:09]} h4 {[%emt 0:01:00]} 23. Bxd6 {[%emt 0:00:05]} cxd6 {[%emt 0:00:54]} 24. Qe2 {[%emt 0:01:18]} Rf6 {[%emt 0:02:32]} 25. Kh1 {[%emt 0:01:00]} h3 {[%emt 0:11:27]} 26. Qe8+ {[%emt 0:02:35]} Kh7 {[%emt 0:01:15]} 27. Re7 {[%emt 0:00:22]} Rg6 {[%emt 0:03:17]} 28. Rg1 {[%emt 0:01:14]} Rxg1+ {[%emt 0:00:37]} 29. Kxg1 {[%emt 0:00:02]} Qg4+ {[%emt 0:00:26]} 30. Kf1 {[%emt 0:00:04]} Qg2+ {[%emt 0:00:04]} 31. Ke1 {[%emt 0:00:09]} Qxf2+ {[%emt 0:00:05]} 32. Kd1 {[%emt 0:00:02]} Rd3+ {[%emt 0:00:07]} 0-1

[Event "76th GEO-ch Women 2019"]
[Site "Tbilisi"]
[Date "2019.03.30"]
[Round "11.4"]
[White "Vakhania, Aleksandra"]
[Black "Gvetadze, Sofio"]
[Result "1-0"]
[WhiteElo "2175"]
[BlackElo "2321"]
[Annotator "NA"]
[PlyCount "77"]
[EventDate "2019.03.19"]
[EventType "swiss"]
[EventCountry "GEO"]
[SourceTitle "playchess.com"]
[Source "ChessBase"]
[SourceQuality "1"]
[TimeControl "40/5400+30:1800+30"]

1. d4 {[%emt 0:03:03]} d6 {[%emt 0:00:00]} 2. e4 {[%emt 0:01:37]} Nf6 {[%emt 0:00:00]} 3. Nc3 {[%emt 0:00:04]} Nbd7 {[%emt 0:00:02]} 4. Nf3 {[%emt 0:00:09]} e5 {[%emt 0:00:03]} 5. Bc4 {[%emt 0:02:18]} Be7 {[%emt 0:00:05]} 6. dxe5 {[%emt 0:04:54]} dxe5 {[%emt 0:00:11]} 7. Ng5 {[%emt 0:08:39]} O-O {[%emt 0:00:37]} 8. Bxf7+ $14 {[%emt 0:01:01]} Rxf7 {[%emt 0:00:09]} 9. Ne6 {[%emt 0:00:04]} Qe8 {[%emt 0:00:06]} 10. Nxc7 {[%emt 0:00:04]} Qd8 {[%emt 0:00:04]} 11. Nxa8 {[%emt 0:00:11]} b6 {[%emt 0:04:09]} 12. Be3 {[%emt 0:20:34]} Bb7 {[%emt 0:05:12]} 13. Nxb6 {[%emt 0:00:35]} axb6 {[%emt 0:00:04]} 14. Qd3 {[%emt 0:03:23]} Qa8 {[%emt 0:11:19]} 15. f3 {[%emt 0:01:26]} Ba6 {[%emt 0:01:53]} 16. Qd2 {[%emt 0:00:35]} Bb4 {[%emt 0:01:23]} 17. a3 {[%emt 0:03:25]} Bc4 {[%emt 0:00:24]} 18. Rd1 {[%emt 0:01:05]} Nxe4 {[%emt 0:10:18]} 19. fxe4 {[%emt 0:02:52]} Bxc3 {[%emt 0:00:09]} 20. Qxc3 {[%emt 0:01:54]} Qxe4 {[%emt 0:00:08]} 21. Rd2 {[%emt 0:02:13]} h6 {[%emt 0:03:26]} 22. b3 {[%emt 0:07:35]} Ba6 {[%emt 0:00:18]} 23. Kd1 {[%emt 0:01:33]} Nf6 {[%emt 0:01:02]} 24. Bxb6 {[%emt 0:02:17]} Nd5 {[%emt 0:20:10]} 25. Qa5 {[%emt 0:00:51]} Bb7 {[%emt 0:01:13]} 26. Re1 {[%emt 0:01:42]} Qg4+ {[%emt 0:00:27]} 27. Kc1 {[%emt 0:00:20]} Qf4 {[%emt 0:04:05]} 28. g3 {[%emt 0:02:04]} Qg5 {[%emt 0:01:52]} 29. c4 {[%emt 0:01:36]} Nf6 {[%emt 0:03:27]} 30. Qxe5 {[%emt 0:01:14]} Qg6 {[%emt 0:00:01]} 31. Qe6 {[%emt 0:02:57]} Kh7 {[%emt 0:00:25]} 32. Bd4 {[%emt 0:00:38]} Be4 {[%emt 0:01:33]} 33. Bxf6 {[%emt 0:00:19]} Bf5 {[%emt 0:00:02]} 34. Qe5 {[%emt 0:03:03]} Rxf6 {[%emt 0:00:09]} 35. Rf1 {[%emt 0:00:50]} Qg5 {[%emt 0:00:50]} 36. h4 {[%emt 0:00:18]} Qg4 {[%emt 0:00:32]} 37. Rdf2 {[%emt 0:00:55]} Kg6 {[%emt 0:01:41]} 38. Rxf5 {[%emt 0:00:37]} Rxf5 {[%emt 0:00:03]} 39. Qe6+ {[%emt 0:00:31]} 1-0